000 01015nam0a22002531 4500
001 rc\2599537
005 20250623130618.0
035 _a(NLR Aleph) 006763633
090 _a5870610
_c5870610
100 _a20110914d1930 |||y0rusy50 ca
101 0 _arus
102 _aRU
105 _aa z |||||
200 1 _aСельскохозяйственная артель памяти Ленина
_e[Новочеркасский район]
_eС 27 рис. и 2 черт. в тексте
_fАгр. С. Епихин
_gПод ред. и с пред. Н. П. Долголева
_gПлодоцентр
210 _aМосква
_cКнигосоюз
_d1930
_gтип. газ. "Правда"
215 _a91, [2] с., [2] с. объявл.
_cил., черт.
_d18х13 см.
700 1 _aЕпихин
_bС.С.
_gСергей Сергеевич
702 1 _aДолголев
_bН.П.
_4340
_4080
801 0 _aRU
_bNLR
_gpsbo
801 1 _aRU
_bELAR
_2rusmarc
852 _aNLR
_j30-8/5295
942 _cBOOK
980 _aNB